000 00491nam a2200205Ia 4500
008 170918s9999 xx 000 0 und d
020 _a9780545215930
050 _bB852 2011
100 _aBridwell, Norman
245 _aClifford's day with dad /
245 _cby Norman Bridwell.
260 _aNew York :
260 _bScholastic,
260 _c2011
300 _aunpaged :
300 _bcolored illustration ;
300 _c20cm.
440 _vBe big! Share.
500 _a290
999 _c343214
_d343214